00670nam a22002172a 450000100060000000300080000600500170001400800410003103500190007204000320009104100080012308200200013110000240015124500520017526000660022730000190029365100360031265100340034883000110038283000590039326664BD-RjUL20211209051041.0140323t1958 dcu b 000 0 eng d a(BD-RjUL)26734 aDLCcIULdEQOdBD-RjULbeng aeng04a949.5bCHG 19581 aChambers, Mortimer.10aGreek and Roman history /cby Mortimer Chambers aWashington :bService Center for Teachers of History,cc1958. a28 p. ;c23 cm 0aGreecexHistoryxHistoriography 0aRomexHistoryxHistoriography 0vno. 11 0aPublication (Service Center for Teachers of History) ;